000 00270nam a2200109Ia 4500
008 190216s9999||||xx |||||||||||||| ||und||
100 _aJanardhanapillai
245 0 _aSeries In Mathematics- Main Mathematics
260 _bAjith Book Center
300 _a176
942 _cBK
999 _c31268
_d31268